<?xml version="1.0" encoding="UTF-8"?>
<record
    xmlns:xsi="http://www.w3.org/2001/XMLSchema-instance"
    xsi:schemaLocation="http://www.loc.gov/MARC21/slim http://www.loc.gov/standards/marcxml/schema/MARC21slim.xsd"
    xmlns="http://www.loc.gov/MARC21/slim">

  <leader>00798nab a2200205 i 4500</leader>
  <controlfield tag="001">180814</controlfield>
  <controlfield tag="003">ES-MaACL</controlfield>
  <controlfield tag="005">20250904063108.0</controlfield>
  <controlfield tag="008">120717s1913    sp            000 s spa d</controlfield>
  <datafield tag="100" ind1="1" ind2=" ">
    <subfield code="a">Torrom&#xE9;, Rafael,</subfield>
    <subfield code="d">1861-1924</subfield>
    <subfield code="9">111060</subfield>
  </datafield>
  <datafield tag="245" ind1="1" ind2="0">
    <subfield code="a">Sobre el problema obrero : </subfield>
    <subfield code="b">la cultura como elemento de evoluci&#xF3;n y revoluci&#xF3;n social / </subfield>
    <subfield code="c">por Rafael Torrom&#xE9;.</subfield>
  </datafield>
  <datafield tag="300" ind1=" " ind2=" ">
    <subfield code="a">P. 41-54 ; </subfield>
    <subfield code="c">23 cm.</subfield>
  </datafield>
  <datafield tag="594" ind1=" " ind2=" ">
    <subfield code="a">Precede al t&#xED;t.: Conferencias del Ateneo de Madrid.</subfield>
  </datafield>
  <datafield tag="610" ind1="2" ind2="4">
    <subfield code="a">Ateneo de Madrid-</subfield>
    <subfield code="v">Conferencias-</subfield>
    <subfield code="y">1900-1939</subfield>
    <subfield code="9">1907</subfield>
  </datafield>
  <datafield tag="650" ind1=" " ind2="7">
    <subfield code="a">Clase trabajadora</subfield>
    <subfield code="2">embne</subfield>
    <subfield code="9">151811</subfield>
  </datafield>
  <datafield tag="650" ind1=" " ind2="7">
    <subfield code="a">Educaci&#xF3;n popular</subfield>
    <subfield code="2">embne</subfield>
    <subfield code="9">12118</subfield>
  </datafield>
  <datafield tag="773" ind1="0" ind2=" ">
    <subfield code="t">La Palabra : revista taquigr&#xE1;fica, </subfield>
    <subfield code="d">Madrid. -- </subfield>
    <subfield code="g">N. 12 (15 de junio de 1913), p. 41-54</subfield>
  </datafield>
  <datafield tag="999" ind1=" " ind2=" ">
    <subfield code="c">180814</subfield>
    <subfield code="d">180814</subfield>
  </datafield>
  <datafield tag="942" ind1=" " ind2=" ">
    <subfield code="c">ANAM</subfield>
  </datafield>
</record>
